| 000 | 00476nam a2200169 i 4500 | ||
|---|---|---|---|
| 001 | 40229 | ||
| 003 | ES-MaACL | ||
| 005 | 20230906160153.0 | ||
| 007 | t| | ||
| 008 | 030305s1883 sp ||||1| spa d | ||
| 080 | _a656.2(460) | ||
| 245 | 0 | 0 | _aCarta de los ferrocarriles de España en 1º de enero de 1883. |
| 260 |
_aMadrid : _b[s.n., _c1883] ( _fG. Peiffer) |
||
| 300 |
_a1 v. ; _c19 cm. |
||
| 650 | 4 |
_aFerrocarriles- _zEspaña- _yS. XIX. _912762 |
|
| 852 | 4 |
_aES-MaACL _jF-5871 |
|
| 999 |
_c40229 _d40229 |
||